|
|
|
|
| LEADER |
00000nam2a2200000 4500 |
| 001 |
128182 |
| 005 |
20231101220111.0 |
| 035 |
|
|
|a (RuTPU)RU\TPU\book\138640
|
| 035 |
|
|
|a RU\TPU\book\332902
|
| 035 |
|
|
|a RU\TPU\book\354872
|
| 090 |
|
|
|a 128182
|
| 100 |
|
|
|a 20170309d1977 k y0rusy5003 ca
|
| 101 |
0 |
|
|a rus
|
| 102 |
|
|
|a TM
|
| 105 |
|
|
|a a z 001zy
|
| 200 |
0 |
|
|a Вып. 3
|f под ред. С. Г. Поливановой
|
| 210 |
|
|
|d 1977
|
| 215 |
|
|
|a 93 с.
|c ил.
|
| 320 |
|
|
|a Библиография в конце статей
|
| 461 |
|
1 |
|0 (RuTPU)RU\TPU\book\327986
|t Геология и нефтегазоносность Туркменистана
|o [сборник статей]
|f Туркменский научно-исследовательский геологоразведочный институт (ТуркменНИГРИ)
|v Вып. 3
|d 1976-1981
|
| 606 |
1 |
|
|a Геология
|y Туркмения
|2 stltpush
|3 (RuTPU)RU\TPU\subj\72287
|9 85849
|
| 610 |
1 |
|
|a нефтегазоносность
|
| 610 |
1 |
|
|a нефтеносные районы
|
| 610 |
1 |
|
|a газоносные районы
|
| 610 |
1 |
|
|a нефть
|
| 610 |
1 |
|
|a газ
|
| 610 |
1 |
|
|a Туркменистан
|
| 610 |
1 |
|
|a минерально-сырьевая база
|
| 610 |
1 |
|
|a полезные ископаемые
|
| 610 |
1 |
|
|a Каракумский бассейн
|
| 610 |
1 |
|
|a расчеты
|
| 610 |
1 |
|
|a ЭВМ
|
| 610 |
1 |
|
|a скважины
|
| 675 |
|
|
|a 55(575.4)
|z rus
|v 3
|
| 702 |
|
1 |
|a Поливанова
|b С. Г.
|4 340
|
| 801 |
|
1 |
|a RU
|b 63413507
|c 20071224
|g PSBO
|
| 801 |
|
2 |
|a RU
|b 63413507
|c 20210416
|g RCR
|
| 942 |
|
|
|c BK
|